All Time Steals of Home - Statistics

General Stats
  • This quiz has been taken 423 times
  • The average score is 2 of 10
Answer Stats
Hint Answer % Correct
54 Ty Cobb
82%
19 Jackie Robinson
74%
27 Honus Wagner
44%
20 George Sisler
10%
21 Johnny Evers
7%
19 Frankie Frisch
6%
33 Max Carey
6%
23 Frank Schulte
1%
28 George Burns
1%
23 Sherry Magee
1%
No matching quizzes found
Score Distribution
Percent of People with Each Score
Percentile by Number Answered
Your Score History
You have not taken this quiz